[Event "FRM Cup 11th"]
[Site "Stip"]
[Date "2002.05.08"]
[Round "1"]
[White "Jankov, Janko"]
[Black "Gicov, Zoran"]
[Result "1-0"]
[WhiteElo "2225"]
[BlackElo "2246"]
[PlyCount "123"]
[EventDate "2002.05.08"]
[EventType "team"]
[EventRounds "5"]
[EventCountry "MKD"]
[SourceTitle "CBM 088 Extra"]
[Source "ChessBase"]
[SourceDate "2002.07.01"]
[SourceVersion "2"]
[SourceVersionDate "2002.07.01"]
[SourceQuality "1"]

1. f3 e5 2. Nh3 d5 3. Nf2 Bc5 4. e3 f5 5. c3 e4 6. d4 Bd6 7. f4 Nh6 8. c4 c6 9. Nc3 Be6 10. cxd5 cxd5 11. Qb3 Qb6 12. Bb5+ Nc6 13. Nxd5 Bxd5 14. Qxd5 0-0-0 15. Qc4 Kb8 16. Bxc6 bxc6 17. Qb3 c5 18. Qxb6+ axb6 19. dxc5 Bxc5 20. Bd2 Rd7 21. Ke2 Rg8 22. h4 Nf7 23. g4 g6 24. Bc3 Kc8 25. b4 Be7 26. Rac1 Kb7 27. g5 Ra8 28. Rc2 Rc7 29. Rhc1 Ra4 30. Bd2 Rd7 31. Rb1 Nd6 32. Rb3 b5 33. a3 Nc4 34. Bc1 Bf8 35. Rbc3 Bg7 36. Rxc4 bxc4 37. Rxc4 Rc7 38. Rxc7+ Kxc7 39. Kd2 Kc6 40. Kc2 Kb5 41. Kb3 Ra8 42. Nd1 Rd8 43. a4+ Kb6 44. Bb2 Rd3+ 45. Kc2 Rxd1 46. Bxg7 Rd3 47. Bd4+ Ka6 48. Kb2 Rd1 49. Kb3 Rd3+ 50. Kc4 Rd1 51. Bc3 Rd3 52. b5+ Kb7 53. Bd4 Ra3 54. Kb4 Ra2 55. a5 Kc7 56. Be5+ Kb7 57. a6+ Ka8 58. Bc3 Kb8 59. Kb3 Re2 60. Be5+ Ka8 61. b6 Rxe3+ 62. Kc4 1-0

[Event "EU-ch 2nd"]
[Site "Ohrid"]
[Date "2001.06.11"]
[Round "10"]
[White "Gicov, Zoran"]
[Black "Grant, Jonathan"]
[Result "1-0"]
[WhiteElo "2257"]
[BlackElo "2218"]
[PlyCount "153"]
[EventDate "2001.06.01"]
[EventType "swiss"]
[EventRounds "13"]
[EventCountry "YUG"]
[SourceTitle "CBM 084"]
[Source "ChessBase"]
[SourceDate "2001.09.13"]
[SourceVersion "1"]
[SourceVersionDate "2001.09.13"]
[SourceQuality "1"]

1. e4 c6 2. d4 d5 3. e5 Bf5 4. Nf3 e6 5. Be2 c5 6. Be3 cxd4 7. Nxd4 Ne7 8. c4 dxc4 9. 0-0 Nbc6 10. Bxc4 Nxd4 11. Bxd4 Nc6 12. Bb5 Qc7 13. Qa4 Be7 14. Rc1 0-0 15. Bxc6 bxc6 16. Nd2 Rfd8 17. Nb3 Be4 18. Rc3 Rab8 19. Bb6 Qxb6 20. Qxe4 c5 21. Qc2 Rd5 22. Re1 Rbd8 23. h3 Qc7 24. f4 g6 25. Kh2 Qb6 26. Re2 Kg7 27. Nd2 Rd4 28. Ne4 R8d5 29. b3 h5 30. Rf3 Qd8 31. Rff2 h4 32. Nc3 Rd7 33. Ne4 a5 34. Rd2 R7d5 35. Rxd4 cxd4 36. Qd3 Qb6 37. Rc2 Qb4 38. Rc4 Qb5 39. Kg1 Qb6 40. Kf2 Qb5 41. Ke2 Rd8 42. Rxd4 Qb6 43. Rxd8 Bxd8 44. Qd7 Qb4 45. Nd6 Qxf4 46. Qxd8 Qxe5+ 47. Kd3 Qd5+ 48. Kc3 Qe5+ 49. Kd3 Qd5+ 50. Ke3 Qe5+ 51. Ne4 Qh2 52. Qf6+ Kg8 53. Qd8+ Kg7 54. Qf6+ Kg8 55. Kf3 Qg1 56. Qxh4 Qd1+ 57. Ke3 Qc1+ 58. Nd2 Qc5+ 59. Ke2 Kg7 60. Qe4 f5 61. Qxe6 Qg1 62. Qd5 Kh7 63. Kd3 Qf2 64. Kc4 Qe2+ 65. Kc5 Qe7+ 66. Kb5 Qb4+ 67. Ka6 Kh6 68. a4 Qc3 69. Nf3 Kh7 70. h4 f4 71. Qc4 Qb2 72. Qf7+ Kh6 73. Qxf4+ Kh7 74. Ng5+ Kh6 75. Nf7+ Kh7 76. Qh6+ Kg8 77. Qh8+ 1-0

[Event "EU-ch 2nd"]
[Site "Ohrid"]
[Date "2001.06.02"]
[Round "2"]
[White "Gicov, Zoran"]
[Black "Czebe, Attila"]
[Result "0-1"]
[WhiteElo "2257"]
[BlackElo "2502"]
[PlyCount "132"]
[EventDate "2001.06.01"]
[EventType "swiss"]
[EventRounds "13"]
[EventCountry "YUG"]
[SourceTitle "CBM 084"]
[Source "ChessBase"]
[SourceDate "2001.09.13"]
[SourceVersion "1"]
[SourceVersionDate "2001.09.13"]
[SourceQuality "1"]

1. e4 c5 2. d4 cxd4 3. c3 dxc3 4. Nxc3 e6 5. Nf3 Nc6 6. Bc4 Nge7 7. Nb5 Ng6 8. 0-0 a6 9. Nd6+ Bxd6 10. Qxd6 Qe7 11. Qg3 0-0 12. h4 f6 13. Be3 Nce5 14. Nxe5 fxe5 15. h5 Nf4 16. Qg4 b5 17. Bb3 Qf7 18. h6 Qg6 19. Qxg6 Ne2+ 20. Kh2 hxg6 21. hxg7 Kxg7 22. g3 Bb7 23. Rad1 Rh8+ 24. Kg2 Bxe4+ 25. f3 Bc6 26. Bc5 Rh5 27. Bd6 Rah8 28. Kf2 Nd4 29. g4 Rh2+ 30. Ke3 Re2+ 31. Kd3 Rh3 32. Bxe5+ Rxe5 33. Kxd4 d6 34. Rd3 a5 35. Rc3 Bd5 36. Bc2 Bc4 37. Rf2 Re1 38. f4 e5+ 39. fxe5 dxe5+ 40. Kc5 Rxc3 41. bxc3 e4 42. a4 e3 43. Rf4 e2 44. axb5 Bxb5 45. Kxb5 Rb1+ 46. Bxb1 e1Q 47. Rc4 Qxb1+ 48. Kxa5 Kh6 49. Ka4 Kg5 50. Ka3 Kh4 51. Rb4 Qc2 52. Rc4 g5 53. Kb4 Qb2+ 54. Kc5 Kg3 55. Kc6 Kf3 56. Kc5 Ke3 57. Kd5 Qb5+ 58. Rc5 Qd7+ 59. Kc4 Qxg4+ 60. Kb5 Qd7+ 61. Kb4 g4 62. c4 g3 63. Rd5 Qe7+ 64. Kb5 g2 65. Rd1 Ke2 66. Rb1 Qb7+ 0-1

[Event "FRM-ch"]
[Site "Struga"]
[Date "1993.??.??"]
[Round "11"]
[White "Gicov, Zoran"]
[Black "Kocovski, Ivan"]
[Result "1-0"]
[WhiteElo "2265"]
[BlackElo "2300"]
[PlyCount "51"]
[EventDate "1993.??.??"]
[EventType "swiss"]
[EventRounds "13"]
[EventCountry "MKD"]
[SourceTitle "EXT 1999"]
[Source "ChessBase"]
[SourceDate "1998.11.16"]
[SourceVersion "1"]
[SourceVersionDate "1998.11.16"]
[SourceQuality "1"]

1. e4 c5 2. Nf3 Nc6 3. d4 cxd4 4. Nxd4 Qb6 5. Nb3 Nf6 6. Nc3 e6 7. Be3 Qc7 8. Bd3 a6 9. a4 b6 10. 0-0 Be7 11. f4 d6 12. Kh1 0-0 13. Qf3 Bb7 14. Rae1 Nb4 15. Qg3 g6 16. f5 e5 17. Bh6 Rfe8 18. Bg5 Nh5 19. Qg4 Bxg5 20. Qxg5 f6 21. Qh4 Kg7 22. Re3 Nf4 23. Rxf4 exf4 24. Rh3 Rh8 25. Qh6+ Kf7 26. Qxh7+ 1-0

[Event "FRM-ch"]
[Site "Struga"]
[Date "1993.??.??"]
[Round "2"]
[White "Gicov, Zoran"]
[Black "Stamenkov, Vanco"]
[Result "1/2-1/2"]
[WhiteElo "2265"]
[BlackElo "2330"]
[PlyCount "34"]
[EventDate "1993.??.??"]
[EventType "swiss"]
[EventRounds "13"]
[EventCountry "MKD"]
[SourceTitle "EXT 1999"]
[Source "ChessBase"]
[SourceDate "1998.11.16"]
[SourceVersion "1"]
[SourceVersionDate "1998.11.16"]
[SourceQuality "1"]

1. d4 Nf6 2. Nf3 g6 3. c4 Bg7 4. Nc3 0-0 5. e4 d6 6. Be2 e5 7. dxe5 dxe5 8. Qxd8 Rxd8 9. Bg5 c6 10. 0-0 Re8 11. Rfd1 Nbd7 12. b4 h6 13. Bxf6 Bxf6 14. Rd2 Nf8 15. Rad1 Bg4 16. h3 Bxf3 17. Bxf3 Ne6 1/2-1/2

[Event "FRM-ch"]
[Site "Struga"]
[Date "1993.??.??"]
[Round "7"]
[White "Zahariev, Pance"]
[Black "Gicov, Zoran"]
[Result "0-1"]
[WhiteElo "2320"]
[BlackElo "2265"]
[PlyCount "62"]
[EventDate "1993.??.??"]
[EventType "swiss"]
[EventRounds "13"]
[EventCountry "MKD"]
[SourceTitle "EXT 1999"]
[Source "ChessBase"]
[SourceDate "1998.11.16"]
[SourceVersion "1"]
[SourceVersionDate "1998.11.16"]
[SourceQuality "1"]

1. d4 Nf6 2. c4 d6 3. Nc3 g6 4. e4 Bg7 5. f4 c5 6. d5 0-0 7. Bd3 Na6 8. Nge2 e6 9. dxe6 fxe6 10. 0-0 Nb4 11. h3 Nxd3 12. Qxd3 Qe7 13. Ng3 b6 14. Be3 Ba6 15. Rae1 Rad8 16. Bc1 Qf7 17. Nb5 d5 18. e5 dxc4 19. Qxc4 Rd4 20. Qb3 Rb4 21. Qc2 Bxb5 22. exf6 Qxf6 23. Rf3 Bc6 24. Rd3 Rd4 25. Kh2 Bd5 26. Red1 e5 27. fxe5 Qxe5 28. Rxd4 cxd4 29. b4 Qd6 30. Qd3 Be5 31. h4 h5 0-1